000 00681nam a2200193 4500
001 149135
003 ES-MaACL
005 20250804061359.0
007 t|
008 070214s1968 sp r ||||1| spa d
111 2 _aSimposio sobre Enfermedad de Hodgkin (
_cJaén (
_d1968)
_9221427
245 1 0 _aSymposium sobre enfermedad de Hodgkin
_b: Jaén, mayo 1968.
260 _aJaén :
_b[s. n.],
_c1968 (
_fNova)
300 _a96 p. :
_bil. ;
_c24 cm.
500 _aPrecede al tít.: Seminario Medico del Instituto de Estudios Giennenses.
710 2 _aInstituto de Estudios Giennenses.
_bSeminario Médico
_94905
852 _aES-MaACL
_jC-46095
_bR.66560
999 _c149135
_d149135